Normal view MARC view
  • Supervisor: Dr. Nadia Jahan

Entry Personal Name

Number of records used in: 2

001 - CONTROL NUMBER

  • control field: 130578

003 - CONTROL NUMBER IDENTIFIER

  • control field: NUST

005 - DATE AND TIME OF LATEST TRANSACTION

  • control field: 20250922155737.0

008 - FIXED-LENGTH DATA ELEMENTS

  • fixed length control field: 250922|| aca||aabn | a|a d

040 ## - CATALOGING SOURCE

  • Original cataloging agency: NUST
  • Transcribing agency: NUST

100 ## - HEADING--PERSONAL NAME

  • Personal name: Supervisor: Dr. Nadia Jahan

670 ## - SOURCE DATA FOUND

  • Source citation: Work cat.: (NUST): Iqbal, Zoya 130577, Role of Early Childhood Training Programs in Breaking Career-Related Gender Stereotypical Beliefs/
© 2023 Central Library, National University of Sciences and Technology. All Rights Reserved.